Pierwsze dwadzieścia pierwiastków - nagła śmierć - Statystyki

Ogólne statystyki
  • Ten quiz został rozwiązany 4 375 razy
  • Średni wynik to 10 z 20
Answers on the Grid
Answers color-coded by a green-red scale on the quiz's grid according to % correct below.
Argon
Azot
Beryl
Bor
Chlor
Fluor
Fosfor
Glin
Hel
Jod
Krypton
Krzem
Lit
Magnez
Miedź
Neon
Nikiel
Ołów
Pallad
Potas
Rad
Siarka
Sód
Tlen
Uran
Wapń
Węgiel
Wodór
Złoto
Żelazo
 
Statystyki odpowiedzi
Odpowiedź % Poprawnych
Azot
81%
Hel
76%
Chlor
65%
Bor
54%
Wodór
54%
Tlen
51%
Beryl
50%
Fluor
50%
Fosfor
48%
Lit
46%
Węgiel
46%
Argon
44%
Glin
44%
Sód
42%
Magnez
38%
Potas
38%
Wapń
38%
Siarka
35%
Krzem
27%
Neon
27%
Nie znaleziono quizów pasujących do podanych kryteriów
Rozkład punktacji
Procent ludzi z każdym wynikiem
Percentyl według liczby udzielonych odpowiedzi
Twoja historia wyników
Nie rozwiązałeś tego quizu